Um leão em família (Record no. 184457)

MARC details
000 -LÍDER
campo de controle de tamanho fixo 00353 a2200169 4500
001 - NÚMERO DE CONTROLE
campo de controle 184457
020 ## - ISBN - INTERNATIONAL STANDARD BOOK NUMBER
ISBN - International Standard Book Number 8508-03611-6
040 ## - FONTE DA CATALOGAÇÃO
Instituição que transcreveu o registro Magnum
100 ## - ENTRADA PRINCIPAL--NOME PESSOAL
Nome pessoal Puntel, Luiz
240 10 - TÍTULO UNIFORME
Título uniforme Um leão em família
Idioma da obra por
245 10 - TÍTULO
Título Um leão em família
300 ## - DESCRIÇÃO FÍSICA
Extensão 95
362 0# - DATAS DE PUBLICAÇÃO E/OU DESIGNAÇÃO SEQUENCIAL
Datas de publicação e/ou designação sequencial 1990
440 #1 - DECLARAÇÃO DE SÉRIE/ENTRADA ADICIONADA--TÍTULO
Título Ática
697 ## - ENTRADA DE ASSUNTO LOCAL--ENTIDADE COLETIVA (RLIN)
Nome corporativo ou nome da jurisdição LITERATURA JUVENIL
942 ## - ELEMENTOS DE ENTRADA ADICIONADOS (KOHA)
Tipo de material Koha Livros
Holdings
Situação do descarte Situação das perdas Situação física Não pode ser emprestado Biblioteca de origem Biblioteca atual Data de aquisição Total de empréstimos Número de chamada completo Código de barras Data de último acesso Data do preço efetivo Tipo de material Koha Fonte da classificação ou esquema de arquivamento na estante Número do exemplar
        Magnum Magnum 08/06/2024   869.3.113 MAG00043889 08/06/2024 08/06/2024 Livros    
        Magnum Magnum 08/06/2024   869.3.113 MAG00043890 08/06/2024 08/06/2024 Livros    
        Magnum Magnum 08/06/2024   869.3.113 MAG00043891 08/06/2024 08/06/2024 Livros    
        Portinari - Salvador Portinari - Salvador 05/08/2024   028.5 P984l 4289/CCP 05/08/2024 05/08/2024 Livros   Ex. 1